Современная аварийно-спасательная техника; Экология и безопасность в техносфере: современные проблемы и пути решения

Bibliografiske detaljer
Parent link:Экология и безопасность в техносфере: современные проблемы и пути решения.— 2017.— [С. 649-653]
Hovedforfatter: Опалева В. В.
Andre forfattere: Ганюхина О. Ю. (научный руководитель)
Summary:Заглавие с экрана
В современном мире ряд чрезвычайных ситуаций, особенно природного характера, очень тяжело предотвратить, и анализ статистики аварий, катастроф и бедствий в Российской Федерации показывает тенденцию роста их масштабов и тяжести последствий. Эффективность проведения аварийно-спасательных работ и других неотложных работ при ликвидации чрезвычайных ситуаций напрямую зависит от оснащенности аварийно-спасательных формирований МЧС России аварийно-спасательной техникой.
In the modern world, a number of emergency situations, especially of a natural nature, are very difficult to prevent, and the analysis of accident, disaster and disaster statistics in the Russian Federation shows a trend of growth in their scale and the severity of the consequences. The effectiveness of emergency rescue operations and other urgent work in the liquidation of emergencies directly depends on the emergency rescue equipment of EMERCOM of Russia equipped with emergency rescue equipment.
Sprog:russisk
Udgivet: 2017
Serier:Современные технологии ликвидации ЧС и техническое обеспечение аварийно-спасательных работ
Fag:
Online adgang:http://earchive.tpu.ru/handle/11683/46732
Format: MixedMaterials Electronisk Book Chapter
KOHA link:https://koha.lib.tpu.ru/cgi-bin/koha/opac-detail.pl?biblionumber=626558

MARC

LEADER 00000naa2a2200000 4500
001 626558
005 20231101133422.0
035 |a (RuTPU)RU\TPU\conf\25961 
035 |a RU\TPU\conf\25960 
090 |a 626558 
100 |a 20180305d2017 k y0rusy50 ca 
101 0 |a rus  |d eng 
102 |a RU 
105 |a y z 101zy 
135 |a drgn ---uucaa 
181 0 |a i  
182 0 |a b 
200 1 |a Современная аварийно-спасательная техника  |f В. В. Опалева  |g науч. рук. О. Ю. Ганюхина 
203 |a Текст  |c электронный 
225 1 |a Современные технологии ликвидации ЧС и техническое обеспечение аварийно-спасательных работ 
230 |a 1 компьютерный файл (pdf; 220 Kb) 
300 |a Заглавие с экрана 
320 |a [Библиогр.: с. 653 (4 назв.)] 
330 |a В современном мире ряд чрезвычайных ситуаций, особенно природного характера, очень тяжело предотвратить, и анализ статистики аварий, катастроф и бедствий в Российской Федерации показывает тенденцию роста их масштабов и тяжести последствий. Эффективность проведения аварийно-спасательных работ и других неотложных работ при ликвидации чрезвычайных ситуаций напрямую зависит от оснащенности аварийно-спасательных формирований МЧС России аварийно-спасательной техникой. 
330 |a In the modern world, a number of emergency situations, especially of a natural nature, are very difficult to prevent, and the analysis of accident, disaster and disaster statistics in the Russian Federation shows a trend of growth in their scale and the severity of the consequences. The effectiveness of emergency rescue operations and other urgent work in the liquidation of emergencies directly depends on the emergency rescue equipment of EMERCOM of Russia equipped with emergency rescue equipment. 
463 0 |0 (RuTPU)RU\TPU\conf\25447  |t Экология и безопасность в техносфере: современные проблемы и пути решения  |o сборник трудов Всероссийской научно-практической конференции молодых ученых, аспирантов и студентов, г. Юрга, 23-25 ноября 2017 г.  |f Национальный исследовательский Томский политехнический университет (ТПУ), Юргинский технологический институт (ЮТИ) ; под ред. Д. А. Чинахова [и др.]  |v [С. 649-653]  |d 2017 
610 1 |a электронный ресурс 
610 1 |a чрезвычайные ситуации 
610 1 |a аварийно-спасательные формирования 
610 1 |a МЧС 
610 1 |a ликвидация 
610 1 |a техническое оснащение 
700 1 |a Опалева  |b В. В. 
702 1 |a Ганюхина  |b О. Ю.  |4 727 
801 2 |a RU  |b 63413507  |c 20180313  |g RCR 
856 4 |u http://earchive.tpu.ru/handle/11683/46732 
942 |c BK